[Event "Enghien les Bains 3rd"]
[Site "Enghien les Bains"]
[Date "1999.03.12"]
[Round "9"]
[White "Salov, Valery"]
[Black "Rausis, Igors"]
[Result "0-1"]
[WhiteElo "2670"]
[BlackElo "2508"]
[Annotator "Huebner,R"]
[PlyCount "72"]
[EventDate "1999.03.03"]
[EventType "tourn"]
[EventRounds "9"]
[EventCountry "FRA"]
[EventCategory "15"]
[SourceTitle "CBM 070"]
[Source "ChessBase"]
[SourceDate "1999.06.08"]
[SourceVersion "1"]
[SourceVersionDate "1999.06.08"]
[SourceQuality "1"]

1. d4 d5 2. c4 c6 3. Nf3 Nf6 4. Nc3 dxc4 5. a4 Bf5 6. Nh4 e6 7. Nxf5 exf5 8.
Bg5 Bb4 9. e3 Qa5 10. Bxf6 Bxc3+ 11. bxc3 Qxc3+ 12. Ke2 gxf6 13. g3 Nd7 {
Diese Variante wurde bereits in der Partie Tukmakov-Solozenkin, Linares 1995 
(Inf. 62/417) erprobt. Dort geschah an Stelle des Textzuges} (13... Na6 14. Kf3
O-O-O 15. Be2 Nc5 16. Rc1 Qa5 17. Bxc4 {mit unklarer Stellung (vgl. Z. Ribli,
Slawische Verteidigung D16-19 [Informatormonographie], D17/37, Fußnote 238).})
14. Bh3 (14. Kf3 O-O-O {ist nun ungünstig für Weiß, weil nach} 15. Rc1 Qa5 16.
Bxc4 {die Antwort} Ne5+ {zu großem Vorteil für Schwarz führt.}) (14. Rc1 Qa5 {
ist ebenfalls keine verlockende Fortsetzung für Weiß, denn} 15. Rxc4 {
scheitert an} Qd5) 14... b5 $6 {Andere Fortsetzungen kamen in Betracht. Am
besten gefällt mir} (14... f4 15. gxf4 Qa5) (14... Qa5 15. Qb1 O-O-O {führt zu
einer etwa ausgeglichenen Stellung.}) 15. Bxf5 $6 (15. Qb1 {sieht sehr stark
aus.}) 15... Nb6 $2 ({Besser war} 15... Qb2+ 16. Kf3 a6 {mit unklarer Stellung;
Schwarz muß die Drohung Dd1-b1 entkräften.}) 16. Qb1 $2 (16. axb5 {war
angezeigt:} cxb5 (16... Qb2+ 17. Kf1 Qxb5 (17... cxb5 18. Rb1 {und der b-Bauer
des Schwarzen fällt.}) 18. Be4 {und Weiß steht positionell auf Gewinn.}) 17.
Qb1 {mit Gewinnstellung für Weiß.}) 16... Nxa4 17. Qe4+ Kf8 18. Qxc6 Kg7 19. h4
(19. Qxb5 {scheitert an} Qxa1 $19) 19... Rhe8 20. Kf3 Qa5 21. h5 h6 22. Bd7
Reb8 23. Rh4 Qd8 24. Rg4+ Kh8 25. Qd5 Qe7 26. Bc6 Nc3 27. Qc5 ({Äußerst
verwickelt gestaltet sich die Partie nach} 27. Qf5 Qe6 (27... Qd6 {führt zum
Verlust:} 28. Bxa8 Rxa8 29. Rxa7 Qc6+ 30. d5 Nxd5 31. Rxa8+ Qxa8 32. e4 $18) (
27... a5 {ist ebenfalls ungenügend:} 28. Qf4 Kh7 29. Rc1 $18) 28. Qxe6 fxe6 29.
Ra6 (29. Bxa8 {ist nicht besser:} Rxa8 30. Ra6 Nd5 31. Rxe6 Rc8 ({Dagegen
gewinnt Weiß nach} 31... c3 32. Rc6 b4 33. e4 Ne7 34. Rxf6 Ng8 35. Rc6 a5 36.
e5 a4 37. Rc7) 32. Rh4 c3 33. Rh1 c2 34. Rc1 b4 (34... Nb4 35. Ke2 Na2 36. Kd2
$13) 35. e4 Nb6 (35... b3 36. exd5 b2 37. Ree1 $16) 36. Rxf6 b3 {und Schwarz
gewinnt.}) 29... b4 30. Bxa8 b3 (30... Rxa8 $2 31. Rxe6 b3 32. Rxf6 Kh7 33.
Rf7+ Kh8 34. Rb7) 31. Rxe6 b2 32. Rxf6 Kh7 $11 {und Weiß muß die Züge
wiederholen.}) 27... Qxc5 28. dxc5 a5 29. Bxa8 Rxa8 30. Rc1 $6 ({Mehr versprach
} 30. Rd4 Kg7 31. c6 a4 32. c7 Rc8 33. Rc1 Na2 34. Rc2 Nb4 35. Rb2 Nd3 36. Rxb5
Rxc7 {obwohl mir die Lage nicht deutlich ist.}) 30... Na2 31. Rb1 $2 (31. Ra1
Nb4 32. Ke2 {sollte versucht werden. Nach dem Textzug ist Weiß verloren.})
31... c3 32. Rxb5 c2 33. Rc4 c1=Q 34. Rxc1 Nxc1 35. Ke4 Na2 36. c6 Nc3+ 0-1

[Event "Odorheiu Secuiesc zt"]
[Site "Odorheiu Secuiesc"]
[Date "1995.??.??"]
[Round "6"]
[White "Babula, Vlastimil"]
[Black "Nevednichy, Vladislav"]
[Result "1-0"]
[WhiteElo "2530"]
[BlackElo "2485"]
[Annotator "Huebner,R"]
[PlyCount "97"]
[EventDate "1995.03.??"]
[EventType "swiss"]
[EventRounds "9"]
[EventCountry "ROU"]
[SourceTitle "CBM 047"]
[Source "ChessBase"]
[SourceDate "1995.08.01"]
[SourceVersion "1"]
[SourceVersionDate "1995.08.01"]
[SourceQuality "1"]

1. d4 {Hecht} d5 2. c4 c6 3. Nf3 Nf6 4. Nc3 dxc4 5. a4 Bf5 6. Ne5 e6 7. f3 Bb4
8. Bg5 h6 9. Bh4 c5 10. dxc5 Qxd1+ 11. Kxd1 Nbd7 12. Nxd7 O-O-O 13. e4 Rxd7+
14. Kc2 Bh7 15. c6 {Im Vergleich mit 15.Bc4 ist der Textzug seicht.} (15. Bxc4
Bxc5 16. a5 {Diese Fortsetzung erfreute sich in letzter Zeit größerer
Beliebtheit als der Textzug 15.c6.} Nd5 17. Bb5 Ne3+ {/\Rd4. Es ensteht ein
scharfer Kampf.}) 15... bxc6 16. Bxc4 Rhd8 17. Rad1 Bd6 {Dieser Zug ist mir
einigermaßen unverständlich.} (17... Rxd1 $142 18. Rxd1 Rxd1 {Nun ist nichts
los.}) 18. Bd3 g5 19. Bf2 Be5 (19... Nh5 20. h4 g4 $5) 20. g4 $1 $16 Bg6 21. h4
Ne8 22. hxg5 hxg5 23. Na2 Bd4 24. Bg3 Kb7 25. Nc1 f6 26. Nb3 e5 27. Bc4 Be3 28.
Rde1 Bd4 29. Rh6 Bf7 30. Bxf7 Rxf7 31. Rd1 Rfd7 32. Rh8 Kc8 33. Nxd4 exd4 34.
b4 d3+ 35. Kc3 d2 36. Bf2 Rd3+ (36... Kb7 37. Kc2 {Mit der Absicht 38.Le3}) 37.
Kc2 Rxf3 38. Bxa7 Kb7 39. Bc5 Rf4 40. Rh7+ Kc8 41. Bb6 Rd7 42. Rxd7 Kxd7 43.
Rxd2+ {Hecht: RB<->RN. starker B mit Freibauer gegen lahmen N.} Ke6 (43... Kc8
{Hecht} 44. a5 Kb7 (44... Rxe4 45. a6 $18) 45. Rd7+ Ka6 46. Kd3 Rxg4 (46... Kb5
47. Bc5 Rxg4 48. Re7 $18) 47. Kc4 Rxe4+ 48. Bd4 $18) 44. a5 Rxe4 45. a6 Rxb4
46. Rd8 Ra4 47. Rxe8+ Kd7 48. Rd8+ Ke7 49. Ra8 1-0

[Event "Yangon zt playoff"]
[Site "Yangon"]
[Date "1998.12.16"]
[Round "5"]
[White "Sharavdorj, Dashzeveg"]
[Black "Adianto, Utut"]
[Result "1-0"]
[WhiteElo "2385"]
[BlackElo "2610"]
[Annotator "Huebner,R"]
[PlyCount "71"]
[EventDate "1998.12.??"]
[EventType "tourn"]
[EventRounds "6"]
[EventCountry "BUR"]
[EventCategory "10"]
[SourceTitle "CBM 069"]
[Source "ChessBase"]
[SourceDate "1999.04.01"]
[SourceVersion "1"]
[SourceVersionDate "1999.04.01"]
[SourceQuality "1"]

1. d4 d5 2. c4 c6 3. Nc3 Nf6 4. Nf3 dxc4 5. a4 Bf5 6. Ne5 e6 7. f3 Bb4 8. e4
Bg6 $2 {Diese Fortsetzung ist nicht beliebt, und dies ist kein Wunder: Schwarz
bekommt ein äußerst passives Spiel und kann im höchsten Fall auf ein Remis
hoffen. Sein Damenläufer bleibt außer Spiel, und das weiße Bauernzentrum wird
nicht bekämpft.} 9. Bxc4 O-O 10. Nxg6 $2 {Es liegt nicht der geringste Grund
dafür vor, diese Krücke abzutauschen. Nach} (10. h4 {dürfte Schwarz bald ins
Gras beißen; ein Beispiel:}) (10. h4 c5 11. Be3 Bxe4 $2 (11... cxd4 12. Bxd4
Nc6 13. Nxc6 bxc6 {leistet natürlich besseren Widerstand.}) 12. fxe4 Nxe4 13.
Qd3 Ng3 14. Bg5 Qa5 15. Qxg3 cxd4 16. Bf6 g6 17. h5 {1-0 Sammalvuo,T-Pollari,P/
Jarvenpaa We JarvSK 1998}) 10... hxg6 11. O-O Nbd7 12. Be3 e5 13. dxe5 Nxe5 14.
Be2 Qe7 (14... Qa5 $5 {und}) (14... Ned7 $5 {scheinen mir bessere
Fortsetzungen zu sein. Schwarz sollte prophylaktische Maßnahmen gegen die
Möglichkeit f3-f4 nebst e4-e5 ergreifen.}) 15. Kh1 Rfd8 16. Qc2 Bc5 17. Bg5 Qe6
18. a5 $2 {Es ist mir nicht ersichtlich, warum Weiß nicht im Zentrum vorrückt.
Nach} (18. f4 Neg4 19. Bxg4 Qxg4 (19... Nxg4 20. Bxd8 Ne3 21. Qd3 $18) 20. e5
Nh5 21. Ne4 Be3 22. Bxd8 Rxd8 23. Rad1 (23. g3 $2 Rd2 $11 {ergibt remis.})
23... Rxd1 24. Qxd1 Qxd1 25. Rxd1 Bxf4 26. g3 Be3 27. Rd8+ Kh7 28. Rd7 {
gewinnt Weiß mühelos.}) 18... Re8 19. Na4 Bf8 20. Nc5 Qe7 $6 (20... Bxc5 21.
Qxc5 Qb3 {bot bessere Überlebensaussichten.}) 21. b4 b6 22. Na6 Rac8 23. f4
Ned7 24. Bg4 $18 Nxg4 25. Bxe7 Rxe7 26. Qd3 g5 27. h3 Ngf6 28. fxg5 Nxe4 29. g6
fxg6 30. Qb3+ Kh8 31. Rf4 g5 32. Rf7 Ndf6 33. Rxe7 Bxe7 34. Qe6 Nf2+ 35. Kg1
Re8 36. Kxf2 1-0

[Event "Rubinstein Memorial 32nd"]
[Site "Polanica Zdroj"]
[Date "1995.??.??"]
[Round "7"]
[White "Ftacnik, Lubomir"]
[Black "Wojtkiewicz, Aleksander"]
[Result "1/2-1/2"]
[WhiteElo "2580"]
[BlackElo "2570"]
[Annotator "Huebner,R"]
[PlyCount "61"]
[EventDate "1995.08.??"]
[EventType "tourn"]
[EventRounds "11"]
[EventCountry "POL"]
[EventCategory "14"]
[SourceTitle "CBM 049"]
[Source "ChessBase"]
[SourceDate "1995.12.01"]
[SourceVersion "1"]
[SourceVersionDate "1995.12.01"]
[SourceQuality "1"]

1. d4 d5 2. c4 c6 3. Nc3 Nf6 4. Nf3 dxc4 5. a4 Bf5 6. Ne5 e6 7. f3 Bb4 8. Bg5
c5 9. dxc5 Qd5 {Häufiger wird 9...h6 gespielt.} 10. Qxd5 exd5 (10... Nxd5 11.
e4 Nxc3 12. Bd2 Bg6 13. Bxc4 $14) 11. O-O-O {Die Hauptfortsetzung ist} (11. e4
dxe4 (11... Bxe4 12. fxe4 Nxe4 13. Bd2 Nxd2 14. Kxd2 Nc6 (14... d4 15. Bxc4 O-O
16. Rhf1 Nc6 17. Nxf7 dxc3+ 18. bxc3 Bxc5 19. Nd8+ Kh8 20. Nxb7 $16) 15. Nxc6 (
15. Re1 O-O {ist keine Verbesserung für Weiß.}) 15... bxc6 16. Re1+ Kd7 17. g3
$10 {Winants,L-Ljubojevic,L, Brüssel WC 1988.}) 12. Nxc4 (12. Bxf6 gxf6 13.
Nxc4 Be6 14. O-O-O Bxc3 15. bxc3 Nd7 16. Nd6+ Ke7 17. c6 bxc6 18. Nxe4 Rab8 $10
{Browne,W-Velikov,P, St. John op-2 1988.}) 12... O-O 13. Bxf6 gxf6 14. Nd6 (14.
O-O-O exf3 (14... Bxc3 15. bxc3 exf3 $10 {(M. Euwe)} 16. gxf3 Be6 17. Nd6 Nd7 (
17... b6 18. Bd3) 18. Nxb7 Rab8 19. c6 Ne5 20. Nc5 {ist nicht ganz klar.}) 15.
Nd5 (15. Nd6 Be6 16. Nxb7 Bxc3 17. bxc3 Nd7 {führt zum Abspiel B1a.}) 15... Nc6
16. gxf3 Bxc5 $10 17. Nxf6+ Kh8 18. Rd5 Nd4 $10 {Aljechin,A-Euwe,M, 4.Partie
des Weltmeisterschaftskampfes 1937.}) 14... Be6 15. fxe4 b6 {verspricht dem
Weißen auch nicht mehr.}) 11... Bxc3 (11... Na6 12. e4 dxe4 13. Bxc4 (13. Nxc4
Bxc5 $14 {Vajser, Inf. 41/434, ECO D (2.Auflage) 17/14, Fußnote 72.}) 13... O-O
14. c6 $16) 12. bxc3 Nc6 13. g4 $6 (13. Nxc6 bxc6 14. g4 Bg6 15. Bf4 $14 {
Vajser-Matulovic, Vrnjacka Banja 1986, Inf. 41/434.}) 13... Nxe5 14. gxf5 Rc8 (
14... Ned7 15. Be3 Rc8 16. Rg1 Nxc5 (16... O-O 17. Bd4 Kh8 18. e4) 17. Rxg7 $13
) 15. Bxf6 (15. Be3 O-O 16. Bd4 Rfe8 $13) 15... gxf6 16. Rxd5 Ke7 17. e4 $6 {
Weiß verzichtet für ewige Zeiten auf das Feld e5. Verständiger scheint mir} (
17. f4 Nd7 (17... Ng4 18. e4 Ne3 19. Rd4 Nxf1 (19... Rxc5 20. Be2 Rg8 21. Kd2
Ng2 22. Rf1 $16) 20. Rxf1 Rxc5 21. Rfd1) 18. Bg2 Nxc5 19. Rhd1 Rhd8 (19... Rc7
20. Kc2 Nxa4 21. Ra5) 20. Kc2 {Weiß steht keinesfalls schlechter.}) (17. Rg1
Rhg8 18. Rg3 {verdient vielleicht auch Erwägung.}) 17... Nxf3 18. Bxc4 Rhg8 19.
Rhd1 Ne5 20. Bb3 Rc7 (20... Rg2 21. R1d2 Rxd2 22. Kxd2 Nd7 {gewährte dem
Schwarzen Gewinnaussichten. Es ist wichtig für ihn, ein Turmpaar zu tauschen,
damit Weiß nicht zum Gegenangriff auf den Bauern b7 kommt.}) 21. R1d2 Rgc8 22.
Rg2 Rxc5 23. Rxc5 Rxc5 24. Rg3 Kf8 25. Kc2 b6 26. Bd5 Ra5 27. Bb3 h6 28. Rh3
Kg7 29. Kb2 Rc5 30. Bd5 Ra5 31. Kb3 1/2-1/2

[Event "Donetzk zt"]
[Site "Donetsk"]
[Date "1998.11.10"]
[Round "8"]
[White "Nosenko, Alexander"]
[Black "Milov, Leonid"]
[Result "1/2-1/2"]
[WhiteElo "2425"]
[BlackElo "2490"]
[Annotator "Huebner,R"]
[PlyCount "84"]
[EventDate "1998.11.02"]
[EventType "swiss"]
[EventRounds "11"]
[EventCountry "UKR"]
[SourceTitle "CBM 068"]
[Source "ChessBase"]
[SourceDate "1999.02.01"]
[SourceVersion "1"]
[SourceVersionDate "1999.02.01"]
[SourceQuality "1"]

1. d4 {Hecht} d5 2. c4 c6 3. Nf3 Nf6 4. Nc3 dxc4 5. a4 Bf5 6. Nh4 Bg6 7. Nxg6
hxg6 8. e4 e5 9. Be3 Qb6 {Dies ist eine höchst unkonventionelle, aber
keineswegs schlechte Fortsetzung. Nach der zahmen Folge} (9... Nbd7 10. Bxc4
exd4 11. Bxd4 Bc5 12. Bxc5 Nxc5 13. Qe2 Qc7 14. g3 O-O-O 15. O-O Rh5 16. f4
Rdh8 17. Rf2 g5 18. e5 Ne8 19. Qe3 $16 {erhielt Weiß deutlichen Vorteil in der
Partie Shashin,A - Palatnik,S/Krasnodar 1980 (1-0, 41)}) 10. Bxc4 ({Nach} 10.
dxe5 Qxb2 11. Bd2 Nxe4 12. Nxe4 Qxe5 {gewinnt Schwarz die geopferte Figur
zurück und behält einige Mehrbauern.}) (10. Qd2 {scheint mir die
aussichtsreichste Antwort zu sein. Nach dem Textzug erlangt Schwarz
aussichtsreiches Spiel.}) 10... Qxb2 11. Rc1 Bb4 12. Bd2 exd4 13. Rc2 Qa3 14.
Ra2 dxc3 15. Rxa3 cxd2+ 16. Ke2 Bxa3 17. Qb3 O-O 18. Qxa3 Nxe4 19. f3 Nf6 20.
Rd1 Nbd7 21. Rxd2 Nb6 {Bis hierher verlief die Abwicklung recht forciert, aber
die rasche Besetzung des Stützpunktes d5 ist wohl zu plump; den sich
gegenseitig deckenden Springern mangelt es wie so oft an Flexibilität. In
Betracht kam} (21... g5 {mit der Idee, Sd7-e5-g6 oder g7-g6 nebst Kg8-g7
folgen zu lassen.}) 22. Bb3 Nbd5 23. Kf2 Rfe8 24. h4 Re3 25. Qb2 Re7 26. Qd4 b6
27. g4 Rae8 (27... Rd8 {mußte versucht werden. Jetzt verliert Schwarz seinen
Stützpunkt auf d5, und die Partie versandet ins Remis.}) 28. g5 Nh5 29. Bxd5
cxd5 30. Qxd5 Kh7 31. Qc4 Kg8 32. Rd4 Kh7 33. Qd3 f5 34. Qd2 Rc8 35. Rd8 Rxd8
36. Qxd8 {Hecht: 'Sobald die Damenflügelbauern eleminiert sind, gibt es nichts
mehr, was dem Remis im Wege steht. Schwarz hat nicht die geringsten Probleme.'}
Re5 37. Qd4 Rc5 38. Qd7 a6 39. Qa7 Ra5 40. Qxb6 Rxa4 41. Qc6 Rxh4 42. Qxa6 Rf4
1/2-1/2

[Event "Escaldes zt"]
[Site "Escaldes"]
[Date "1998.11.06"]
[Round "1"]
[White "Garcia Ilundain, David"]
[Black "Miles, Anthony John"]
[Result "0-1"]
[WhiteElo "2485"]
[BlackElo "2590"]
[Annotator "Huebner,R"]
[PlyCount "70"]
[EventDate "1998.11.06"]
[EventType "swiss"]
[EventRounds "9"]
[EventCountry "AND"]
[SourceTitle "CBM 068"]
[Source "ChessBase"]
[SourceDate "1999.02.01"]
[SourceVersion "1"]
[SourceVersionDate "1999.02.01"]
[SourceQuality "1"]

1. Nf3 Nf6 2. c4 c6 3. Nc3 d5 4. d4 dxc4 5. a4 Bf5 6. Ne5 Na6 7. e3 Nb4 8. Bxc4
e6 9. O-O Bd6 {Natürlicher sieht der hier übliche Zug} (9... Be7 {aus (Siehe Z.
Ribli, Slawisch D16-19 (Informatormonographie), D18/87).}) 10. Qf3 {Dies ist
ein neuer Versuch; neben 11.e4 Lg6 12.Sg6: hg6: 13.e5 droht auch sofort 11.Sf7:
.Der Nachteil des Zuges besteht darin, daß das Feld c2 keine Überwachung
behält, so daß der Springer des Schwarzen dort bisweilen ungebeten erscheinen
kann, außer den Turm a1 auch den Bauern d4 bedrohend. Ich zitiere den
Vorgänger:} (10. Qe2 Bc7 11. e4 Bg6 (11... Nxe4 12. Nxe4 Qxd4 13. Nxf7 Kxf7 14.
Ng5+ $18) 12. Rd1 Qe7 13. Bg5 h6 14. Nxg6 $5 (14. Bh4 Bh7 15. f4 O-O-O $14)
14... fxg6 15. Bxf6 Qxf6 (15... gxf6 $2 16. Qg4 Kf7 17. d5 exd5 18. exd5 Kg7
19. dxc6 f5 20. Qe2 Nxc6 21. Qxe7+ Nxe7 22. Rd7 Bd8 23. Re1 Kf8 24. Rxb7 $18)
16. Qg4 Rd8 17. d5 $2 (17. Ne2 $1 $16 e5 $140 18. Ra3) 17... e5 $4 (17... Ke7
$13 18. dxe6 $140 Nc2) 18. dxc6 bxc6 19. Rxd8+ Kxd8 20. Rd1+ Bd6 21. Nb5 cxb5
22. Bxb5 {1-0 Shirov,A-Hertneck,G/BL9596 1996} (22. Bxb5 Qe7 23. Qxg6 Kc7 24.
Rxd6 Qxd6 25. Qxg7+ Kb6 26. Qxh8 Qd1+ 27. Bf1 $18)) 10... Bg6 11. Nxg6 hxg6 12.
h3 Bc7 13. Rd1 a5 14. e4 {Weiß spielt sehr unternehmend. Nach} (14. b3 Qd6 15.
Bb2 {würde er einen kleinen Vorteil behalten.}) 14... Nc2 {Schwarz steht
schlecht, wenn er die Herausforderung nicht annimmt.} 15. d5 exd5 $2 ({Schwarz
mußte} 15... Nxa1 {versuchen. Eine plausible Folge ist} 16. dxe6 Qe7 17. exf7+
Kf8 18. Qe2 ({Nach} 18. Bf4 Nc2 19. Bxc7 Qxc7 {sehe ich nicht, wie Weiß
genügend Spiel für das geopferte Material bekommen kann.}) 18... Rd8 19. Be3
Rxd1+ (19... Nd7 20. Rxa1 Ne5 21. Ba2 Nxf7 22. f4 {ist für Schwarz unbequem.})
20. Qxd1 Qd6 21. Qxd6+ Bxd6 22. e5 Be7 23. exf6 gxf6 {mit ungefähr
ausgeglichener Stellung. Nach dem Textzug dürfte Schwarz keine Rettung mehr
finden können.}) 16. exd5 Nxa1 17. dxc6 Qe7 18. cxb7 Rb8 (18... Rd8 {ist nicht
besser:} 19. Bg5 (19. Qc6+ Kf8 20. Rxd8+ (20. Be3 Rxd1+ 21. Nxd1 Kg8 $17) 20...
Qxd8 21. Be3 {führt zu einer unklaren Lage.}) 19... Nc2 (19... Rxd1+ 20. Qxd1
Qe5 21. Bb5+ Kf8 22. Bf4 {und Weiß gewinnt.}) (19... Qe5 20. Rxd8+ Kxd8 (20...
Bxd8 21. Bf4 $18) 21. Qd1+ Qd6 22. Qxd6+ Bxd6 23. Ne4 Kc7 24. Nxd6 Kxd6 25.
Bf4+ Kc5 26. Bb5 {mit Vorteil für Weiß.}) 20. Rxd8+ Kxd8 21. Nb5 Bb8 22. Qd1+ {
mit Vorteil für Weiß.}) 19. Qc6+ Kf8 20. Be3 Kg8 (20... Qe5 {ist ungenügend:}
21. Nb5 {ist noch stärker:} (21. g3 Nc2 (21... Rxh3 22. Bf4 {ist hoffnungslos
für Schwarz.}) 22. Bf4 Nb4 23. Qxc7 Qxc7 24. Bxc7 Rxb7 25. Rd8+ {mit besserem
Endspiel für Weiß.}) 21... Qh2+ 22. Kf1 {und Weiß gewinnt.}) 21. Nd5 $1 (21.
Rxa1 Rxb7 22. Bc5 Qd7 {führt zu einer etwa ausgeglichenen Stellung.}) 21...
Nxd5 22. Bxd5 Nb3 (22... Qe5 {ist nicht besser:} 23. g3 Rxh3 24. Bf4 Qh5 25.
Rxa1 Bxf4 26. Qc8+ Kh7 27. gxf4 Qf5 28. Rc1 {und Weiß gewinnt.}) ({Auch nach} 
22... Rh5 23. Rxa1 Qe5 24. Rc1 {kann Schwarz auf die Dauer nicht überleben;
der Bauer auf b7 ist zu stark.}) 23. Bxb3 Rxb7 24. Bc5 $18 Bh2+ 25. Kxh2 Qe5+
26. f4 Qxf4+ 27. g3 Qb8 ({Auf} 27... Rxh3+ 28. Kxh3 Rxb3 {folgt} 29. Qc8+ Kh7
30. Qg4 {und Weiß gewinnt.}) 28. Bd6 Qa7 29. Bc5 Qb8 30. Rd8+ Qxd8 31. Qxb7
Qd2+ 32. Qg2 Qd3 33. Qd5 $2 ({Nach} 33. Bc2 {gewinnt Weiß mühelos.}) 33... Qe2+
$2 (33... Qxd5 34. Bxd5 Rh5 35. Bxf7+ Kxf7 36. Bd4 (36. b4 Rd5 37. Kg2 (37. h4
Rd2+ 38. Kh3 Rc2 {führt zum Verlust}) 37... Rd2+ 38. Kf3 Rc2 39. Ke3 Rc3+ 40.
Kd4 axb4 41. Bxb4 Rxg3 42. a5 {Weiß sollte remis halten können.}) 36... Rd5 37.
Bc3 {ist ein einfacherer Weg zum Remis.}) 34. Qg2 $4 (34. Kg1 Qe1+ 35. Kg2 Qe2+
36. Bf2 {führt mühelos zum Gewinn. Der Textzug erreicht das Gegenteil. Wieder
einmal wurde starkes und ideenreiches Spiel grausam bestraft.}) 34... Rxh3+ 35.
Kg1 Qe1+ 0-1

[Event "ISR-ch"]
[Site "Ramat Aviv"]
[Date "1998.11.12"]
[Round "3.1"]
[White "Tyomkin, Dimitri"]
[Black "Bykhovsky, Avigdor"]
[Result "1-0"]
[WhiteElo "2465"]
[BlackElo "2455"]
[Annotator "Huebner,R"]
[PlyCount "73"]
[EventDate "1998.11.08"]
[EventType "k.o."]
[EventRounds "5"]
[EventCountry "ISR"]
[SourceTitle "CBM 068"]
[Source "ChessBase"]
[SourceDate "1999.02.01"]
[SourceVersion "1"]
[SourceVersionDate "1999.02.01"]
[SourceQuality "1"]

1. d4 d5 2. c4 c6 3. Nf3 Nf6 4. Nc3 dxc4 5. a4 Bf5 6. Ne5 Nbd7 7. Nxc4 Qc7 8.
g3 e5 9. dxe5 Nxe5 10. Bf4 Nfd7 11. Bg2 f6 12. O-O Nc5 13. e4 Bg6 14. Qe2 Bf7
15. Nd2 (15. Ne3 Ne6 16. Rac1 Bc5 17. b4 Nxf4 18. gxf4 Bxe3 19. Qxe3 Nc4 20.
Qg3 O-O $11 {1-0 Solozhenkin,E-Shovunov,B/Russian Club Cup 1998 (40)}) 15...
Rd8 16. Be3 a5 17. f4 Ned3 18. e5 f5 19. g4 g6 (19... fxg4 $5 {verdient
Prüfung.}) 20. Bh3 Be6 21. gxf5 gxf5 $2 ({Besser sieht die Fortsetzung} 21...
Bxf5 {aus, um dem Sc5 das Feld e6 zu räumen.} {Nach} 22. Bxf5 gxf5 {ist die
Fortsetzung} 23. Nc4 (23. Nf3 Ne6 {usw.}) 23... Qf7 24. Nxa5 Ra8 {kritisch;}
25. Bxc5 Bxc5+ 26. Kh1 Nf2+ 27. Rxf2 Bxf2 {scheint mir jedoch für Weiß nicht
befriedigend zu sein.}) 22. Nf3 Bh6 23. Nd4 $16 O-O (23... Bxf4 24. Nxe6 Rg8+
25. Kh1 Nxe6 26. Bxf5 Qxe5 27. Bxe6 Qxe6 28. Qh5+ {und Weiß gewinnt.}) 24. Rad1
Qf7 25. Nxe6 Qxe6 26. Kh1 Kh8 27. Qh5 b6 28. Rf3 Qg6 29. Qh4 Rg8 $2 (29... Rd7
{war der einzige Zug, mit dem Schwarz die Stellung zunächst noch
zusammenhalten konnte.}) 30. Rg3 $18 Qe6 31. Bxc5 Nf2+ 32. Bxf2 Rxd1+ 33. Nxd1
Qd5+ 34. Bg2 Qxd1+ 35. Bg1 Rxg3 36. hxg3 Bf8 37. Kh2 1-0